| 000 | 02503nas a2200469 i 4500 | ||
|---|---|---|---|
| 001 | 528 | ||
| 003 | ES-MaACL | ||
| 005 | 20250902103421.0 | ||
| 008 | 950801c1876 sp mr p 0 1 |spa d | ||
| 022 | _a1698-7918 | ||
| 022 | _a2603-6029 | ||
| 022 | _a0210-8577 | ||
| 080 | _a06 | ||
| 245 | 0 | 0 | _aBoletín de la Sociedad Geográfica de Madrid. |
| 260 |
_aMadrid : _bSociedad Geográfica de Madrid, _c1876-1936 ( _fPatronato de Huérfanos de Intendencia e Intervención Militares) |
||
| 300 |
_a79 v. : _bil. ; _c24 cm. |
||
| 310 | _aMensual | ||
| 321 |
_aMensual, _b1876-1903 |
||
| 321 |
_aTrimestral, _b1904-1931 |
||
| 362 | 0 | _aAño I, t. I (jul. 1876)-t. 42 (1900) ; T. 43 (1901)-t. 71 (1931) ; T. 72 (1932)-t. 75, n. 7 (jul. 1936) ; T. 76, n. 8 a 12 (ag.-dic. 1936)- | |
| 500 | _aSuspendido de 1937 a 1940. | ||
| 530 | _aDisponible en formato digital. | ||
| 555 | _aT. 1 (1876)-t.42 (1900) | ||
| 555 | _aRepertorio de publicaciones y tareas de la Sociedad Geográfica de Madrid (1876-1900) / Ricardo Beltrán Rózpide. | ||
| 597 | _aAlgunos v. con láminas y mapas. | ||
| 650 | 1 | 7 |
_aGeografía _2embne _913070 |
| 650 | 4 |
_aInstituciones científicas y diversas _913829 |
|
| 700 | 1 |
_aBeltrán y Rózpide, Ricardo. _927381 |
|
| 710 | 2 |
_aSociedad Geográfica de Madrid. _96775 |
|
| 710 | 2 |
_aReal Sociedad Geográfica _96403 |
|
| 710 | 2 |
_aPatronato de Huérfanos de Intendencia e Intervención Militares. _96172 |
|
| 785 | 0 | 0 |
_aBoletín de la Real Sociedad Geográfica, _d1901 |
| 785 | 0 | 0 |
_aBoletín de la Sociedad Geográfica Nacional, _d1932 |
| 852 |
_aES-MaACL _jHem-1029 |
||
| 856 |
_uhttps://prensahistorica.mcu.es/es/publicaciones/numeros_por_mes.cmd?idPublicacion=1001149 _zBiblioteca Virtual de Prensa Histórica _z(jul. 1876-en. 1900) |
||
| 856 |
_uhttps://prensahistorica.mcu.es/es/consulta/registro.do?id=1000095 _zBiblioteca Virtual de Prensa Histórica _z(en. 1901-en. 1931) |
||
| 856 |
_uhttps://prensahistorica.mcu.es/es/consulta/registro.do?id=1000096 _zBiblioteca Virtual de Prensa Histórica _z(en. 1932-jul. 1936) |
||
| 856 |
_uhttps://prensahistorica.mcu.es/es/publicaciones/numeros_por_mes.cmd?idPublicacion=1001145 _zBiblioteca Virtual de Prensa Histórica _z(ag. 1936, en. 1941-oct. 1950) |
||
| 856 |
_uhttps://realsociedadgeografica.com/publicaciones/boletin/ _zReal Sociedad Geográfica _z(Índices 1876 a 2020) _z-(1876-2015) |
||
| 866 | 0 | _o1876-77(1878)1879-1900,1902-3,1905-20,1923-24,1926-30,1933-35(1936). | |
| 999 |
_c528 _d528 |
||